Vectores, matrices y teoría de grupos para científicos e ingenieros /

Guardado en:
Autor Principal: Hollingsworth, Charles A.
Formato: Libro
Idioma:Spanish
Publicado: México : CECSA, 1969.
Materias:
Etiquetas: Agregar Etiqueta
Sin Etiquetas, Sea el primero en etiquetar este registro!
LEADER 00770cam a22002171a 4500
001 EIQ.libpla004519
008 740410s1969####mx############000#0#spa##
005 20150427144445.0
245 1 0 |a Vectores, matrices y teoría de grupos para científicos e ingenieros /  |c por Charles A. Hollingsworth. 
260 |a México :  |b CECSA,  |c 1969. 
300 |a 335 p. ;  |c 23 cm. 
500 |a Título original en inglés: Vectors, matrices, and group theory for scientists and engineers. McGraw Hill, 1967. 
100 1 |a Hollingsworth, Charles A. 
082 0 0 |a 512.8 
650 0 |a Vector analysis. 
650 0 |a Matrices. 
650 0 |a Group theory. 
650 0 |a Análisis de vectores 
650 0 |a Matrices. 
650 0 |a Teoría de grupos 
859 |a AR-BbSID  |b BIB. PLAPIQUI  |h 512.8  |i H725  |p 6396